000 00356nam a22001217a 4500
999 _c2872
_d2872
005 20200924163452.0
008 200924b ||||| |||| 00| 0 eng d
020 _a0333252810
040 _cCML
245 _aSport and Entertainment.
_cClark, P.M.
260 _aLondon
_bMacmillan Publishing Ltd.
_c1980
942 _2ddc
_cBK
_h030
_kGEN REF
_mLOO